000 00818nam a2200241 a 4500
001 000023350
005 20200930022146.0
008 101202s1997 mx r 000 0 spa d
020 _a9701806778
040 _aDO-SdBNP
_bspa
_cBNPHU
082 _axxxx
_bG228c
100 1 _aGarduño, Ana
_948100
245 1 0 _aConflictos y alianzas entre Tlatelolco y Tenochitlan :
_bsiglo XII a XV /
_cAna Garduño.
260 _aMéxico, D. F. :
_bInstituto Nacional de Antropología e Historia,
_c1997.
300 _a185 p. ;
_c21 cm.
490 1 _aHistoria
490 1 _aColección biblioteca del INAH
500 _aIncluye bibliografía p. [171-185].
500 _aIncluye referencia biográfica de la autora en la solapa.
830 0 _aHistoria
_92122
830 0 _aColección biblioteca del INAH
_948101
049 _aBNGR
999 _c22847
_d22847